Micropropagation of Orchids (Record no. 38912)

MARC details
000 -LEADER
fixed length control field 00852nam a2200253Ia 4500
003 - CONTROL NUMBER IDENTIFIER
control field OSt
005 - DATE AND TIME OF LATEST TRANSACTION
control field 20260123111847.0
008 - FIXED-LENGTH DATA ELEMENTS--GENERAL INFORMATION
fixed length control field 220909b |||||||| |||| 00| 0 eng d
020 ## - INTERNATIONAL STANDARD BOOK NUMBER
International Standard Book Number 9781405160889 (hbd)
037 ## - SOURCE OF ACQUISITION
Terms of availability Reference
040 ## - CATALOGING SOURCE
Original cataloging agency CSL
Language of cataloging eng
Transcribing agency CSL
041 ## - LANGUAGE CODE
Language code of text/sound track or separate title eng
084 ## - COLON CLASSIFICATION NUMBER
Classification number I715,11:3 N2;P8;1
Assigning agency CSL
100 ## - MAIN ENTRY--PERSONAL NAME
Personal name Arditti, Joseph
Relator term author.
9 (RLIN) 1104707
245 #0 - TITLE STATEMENT
Title Micropropagation of Orchids
250 ## - EDITION STATEMENT
Edition statement 2
260 ## - PUBLICATION, DISTRIBUTION, ETC.
Place of publication, distribution, etc. Oxford:
Name of publisher, distributor, etc. Blackwell Publishing,
Date of publication, distribution, etc. 2008.
300 ## - PHYSICAL DESCRIPTION
Extent II v. (ix, 1523p.)
Other physical details :ill.
500 ## - GENERAL NOTE
General note Refrences 1325-1401p.; Appendix 1-8,1403-1472p.; Index 1495-1523p.
650 ## - SUBJECT ADDED ENTRY--TOPICAL TERM
Topical term or geographic name entry element Orchids-micropropagation
9 (RLIN) 1104708
650 ## - SUBJECT ADDED ENTRY--TOPICAL TERM
Topical term or geographic name entry element Botany
9 (RLIN) 1104709
942 ## - ADDED ENTRY ELEMENTS (KOHA)
Classification part I715,11:3 N2;P8;1 RR
Koha item type Reference
Source of classification or shelving scheme Colon Classification (CC)
Suppress in OPAC No
Holdings
Withdrawn status Lost status Damaged status Not for loan Home library Current library Date acquired Source of acquisition Total Checkouts Full call number Barcode Date last seen Price effective from Koha item type
        Central Science Library Central Science Library 2022-09-12 65, 18/07/2008, Ashutosh Technical Books   I715,11:3 N2;P8-;1 ccc SL1381637 2022-09-12 2022-09-12 Textual
Copyright @ Delhi University Library System